LEADER 00778nam a2200181 i 4500 001 000000252785 003 CaOOAMICUS 005 20170206000000.0 008 170206s1740 xx u000 u lat u 013 $a231690 026 $at.5. i-is ama- reri (3) 1740 (R) 040 $aSeMil$bita 245 10$aPars 2. 300 $a[2], 1232, [91] p. 773 0 $aWolff, Johann Christian <1689-1770>$tMonumenta typographica, quae artis hujus praestantissimae originem, laudem et abusum posteris produnt, instaurata studio et labore Jo. Christiani Wolfii ... Pars 1. [-2.].$dHamburgi : Sumtibus Christiani Heroldi, 1740.$g2$w()4119 850 $aSeMil 852 $aSeMil$W1$xVenegono$y1$m3Q I 13 FA$j203131$B203131$CSeMilBibl$Z2$F215841 $8I 996 $6245$aPars 2$9(OLS)http://semarc/title/49797 LEADER 00653nam a2200181 i 4500 001 000000054780 003 CaOOAMICUS 005 19970603000000.0 008 970603n xx u000 u ger u 013 $a25952 040 $aSeMil$bita 100 1 $aHeidesch, Josephus.$0(OLS)http://semarc/name/27359 245 14$aDie Aeussere Gnade bei Suarez. 600 14$aSuarez, Francisco.$0(OLS)http://semarc/subject/4595 650 4$aTesi di laurea.$0(OLS)http://semarc/subject/1690 850 $aSeMil 852 $aSeMil$W1$xVenegono$y1$m2I II 142$j20934$B20934$CSeMilBibl$Z2$F20936 $81 996 $6245$aDie Aeussere Gnade bei Suarez$9(OLS)http://semarc/title/84877 LEADER 00856nam a2200229 i 4500 001 000000198748 003 CaOOAMICUS 005 20110309000000.0 008 110309s1947 it u000 u ita u 013 $a177438 040 $aSeMil$bita 100 1 $aDossetti, Giuseppe,$d<1913-1996>.$0(OLS)http://semarc/name/2981 245 10$aChiesa e Stato democratico /$cGiuseppe Dossetti. 260 $aRoma :$bServire,$c1947. 300 $a63 p. ;$c17 cm. 500 $aIn testa al front. : Democrazia integrale. 650 4$aChiesa e Stato.$0(OLS)http://semarc/subject/1242 850 $aSeMil 852 $aSeMil$W1$xVenegono$y1$m5D VIII 14/31$j149304$B149304$CSeMilBibl$Z2$F160673 $81 961 $aOmaggio: Altro 996 $6245$aChiesa e Stato democratico$9(OLS)http://semarc/title/287270 996 $6260$aRoma :$bServire$9(OLS)http://semarc/publisher/33683